000
00222nam a22001097a 4500
041
_a
eng
080
_a
80
100
_a
Nolasco, Rob
245
_a
Window on the World. W/B. 1.
650
_a
English Practice
999
_c
280440
_d
280440
942
_c
BK